Statystyki dla Państwa graniczące #3

Kliknij tutaj aby rozwiązać quiz!

Ogólne statystyki

  • Ten quiz został rozwiązany 141 razy
  • Średni wynik to 44 z 54

Statystyki odpowiedzi

Odpowiedź% Poprawnych
PolskaBiałoruś
98%
PolskaCzechy
98%
SzwajcariaNiemcy
98%
PolskaNiemcy
98%
PolskaRosja
98%
PolskaSłowacja
98%
PolskaUkraina
98%
PolskaLitwa
97%
IranIrak
92%
SzwajcariaAustria
91%
SzwajcariaFrancja
91%
SzwajcariaWłochy
91%
SzwajcariaLiechtenstein
90%
BułgariaRumunia
89%
GujanaBrazylia
87%
BułgariaGrecja
87%
LaosChiny
86%
LibiaEgipt
86%
GujanaWenezuela
86%
IranTurcja
85%
BułgariaTurcja
85%
LaosWietnam
85%
PanamaKolumbia
84%
ZimbabweRepublika Południowej Afryki
84%
LibiaAlgieria
83%
PanamaKostaryka
83%
LibiaSudan
83%
LibiaTunezja
82%
HondurasGwatemala
81%
BułgariaSerbia
81%
GujanaSurinam
81%
BułgariaMacedonia Północna
80%
IranAfganistan
79%
LibiaCzad
79%
LaosKambodża
79%
LaosTajlandia
79%
ZimbabweZambia
77%
LaosMjanma
75%
HondurasSalwador
75%
RwandaDemokratyczna Republika Konga
74%
HondurasNikaragua
74%
IranPakistan
73%
LibiaNiger
71%
RwandaUganda
71%
IranAzerbejdżan
68%
ZimbabweBotswana
67%
IranTurkmenistan
66%
IranArmenia
65%
TogoBenin
65%
ZimbabweMozambik
65%
RwandaTanzania
63%
TogoBurkina Faso
61%
RwandaBurundi
61%
TogoGhana
60%

Rozkład punktacji

Percentyl według liczby udzielonych odpowiedzi

Procent ludzi z każdym wynikiem

Twoja historia wyników

Nie rozwiązałeś tego quizu